Star Wars Characters Screen Time by Movie - Statistics

General Stats
  • This quiz has been taken 29,271 times
    28,649 since last reset
  • The average score is 25 of 55
Answer Stats
Episode Time Character % Correct
New Hope 9:15 Darth Vader
100%
New Hope 37:30 Luke Skywalker
98%
New Hope 13:30 Leia Organa
96%
Phantom Menace 23:30 Anakin Skywalker
95%
New Hope 19:30 Han Solo
95%
Phantom Menace 21:15 Obi-Wan Kenobi
95%
Phantom Menace 7:15 R2-D2
89%
Attack of The Clones 9:45 Yoda
89%
New Hope 11:00 Chewbacca
88%
Attack of The Clones 4:15 C-3PO
87%
Phantom Menace 21:30 Padme Amidala
85%
Phantom Menace 7:15 Sheev Palpatine
85%
The Force Awakens 43:00 Rey Skywalker
83%
Phantom Menace 35:30 Qui-Gon Jinn
80%
Phantom Menace 6:00 Darth Maul
76%
Phantom Menace 17:45 Jar Jar Binks
73%
Attack of The Clones 7:00 Mace Windu
71%
The Force Awakens 19:00 Kylo Ren
69%
The Force Awakens 31:45 Finn
68%
Empire Strikes Back 9:15 Lando Calrissian
65%
Return of The Jedi 6:15 Jabba The Hutt
63%
Attack of The Clones 9:30 Count Dooku
62%
Attack of The Clones 4:45 Jango Fett
56%
The Force Awakens 8:45 Poe Dameron
54%
Revenge of the Sith 6:00 General Grievous
48%
The Force Awakens 10:45 BB-8
42%
New Hope 5:30 Grand Moff Tarkin
42%
Rogue One 25:00 Cassian Andor
38%
Rogue One 36:00 Jyn Erso
34%
New Hope 3:15 Owen Lars
32%
The Last Jedi 4:45 Snoke
32%
The Last Jedi 13:00 Rose Tico
31%
Revenge of the Sith 4:30 Bail Organa
28%
Phantom Menace 7:15 Shmi Skywalker
28%
Rogue One 6:30 Galen Erso
23%
The Force Awakens 3:45 General Hux
23%
Rogue One 9:00 K-2S0
19%
Rogue One 10:00 Orson Krennic
19%
Phantom Menace 7:30 Captain Panaka
16%
The Force Awakens 4:00 Maz Kanata
16%
Solo 29:30 Qi'ra
15%
Rogue One 4:45 Saw Gerrera
15%
Rogue One 9:00 Chirrut Îmwe
13%
The Last Jedi 5:30 Amilyn Holdo
12%
Rogue One 8:30 Baze Malbus
11%
Solo 5:15 Val
11%
Rogue One 11:45 Bodhi Rook
10%
Solo 22:30 Tobias Beckett
10%
Solo 7:30 Dryden Vos
8%
Empire Strikes Back 2:15 Firmus Piett
8%
Solo 7:15 L3-37
7%
Solo 4:15 Enfys Nest
5%
Rise of Skywalker 5:00 Jannah
5%
Rise of Skywalker 4:30 Zorii Bliss
5%
Solo 3:00 Rio Durant
4%
No matching quizzes found
Score Distribution
Percent of People with Each Score
Percentile by Number Answered
Your Score History
You have not taken this quiz since the last reset